[Event "SVK-chT1E 1920"]
[Site "Slovakia"]
[Date "2019.12.07"]
[Round "5.7"]
[White "Vrchovsky, Viliam"]
[Black "Slivka, David"]
[Result "1-0"]
[WhiteElo "1941"]
[BlackElo "1914"]
[PlyCount "75"]
[EventDate "2019.10.12"]
[EventType "team-tourn"]
[EventRounds "11"]
[EventCountry "SVK"]
[SourceTitle "CBM 194 Extra"]
[Source "ChessBase"]
[SourceDate "2020.03.31"]
[SourceVersion "1"]
[SourceVersionDate "2020.03.31"]
[SourceQuality "1"]
[WhiteTeam "Dunajov Inbest II"]
[BlackTeam "Kysucke Nove Mesto"]
[WhiteTeamCountry "SVK"]
[BlackTeamCountry "SVK"]

1. e4 c6 2. d4 d5 3. exd5 cxd5 4. Nf3 Nf6 5. Bd3 Bg4 6. h3 Bh5 7. c3 Nc6 8. Nbd2 e6 9. Qa4 Bd6 10. Bb5 Qc7 11. 0-0 0-0 12. Re1 a6 13. Bxc6 bxc6 14. Ne5 c5 15. Ndf3 Ne4 16. g4 f6 17. Nd3 Bg6 18. Nxc5 Bxc5 19. dxc5 Nxc5 20. Qd1 Rab8 21. Nd4 Rfe8 22. Re3 Bf7 23. Qe2 Qd6 24. b3 e5 25. Nf5 Qb6 26. Ba3 Rbc8 27. Rd1 Be6 28. Rf3 Bxf5 29. gxf5 Ne4 30. c4 Red8 31. Rxd5 Rxd5 32. cxd5 Qd4 33. Rd3 Qa1+ 34. Kg2 Nc3 35. Qc2 Qb1 36. Qxb1 Nxb1 37. Bb4 Rb8 38. d6 1-0

[Event "SVK-chT1E 1819"]
[Site "Slovakia"]
[Date "2018.11.25"]
[Round "4.7"]
[White "Krasnay, Milan"]
[Black "Vrchovsky, Viliam"]
[Result "0-1"]
[WhiteElo "1851"]
[BlackElo "1973"]
[PlyCount "57"]
[EventDate "2018.10.27"]
[EventType "team-tourn"]
[EventRounds "11"]
[EventCountry "SVK"]
[SourceTitle "CBM 188 Extra"]
[Source "ChessBase"]
[SourceDate "2019.02.26"]
[SourceVersion "1"]
[SourceVersionDate "2019.02.26"]
[SourceQuality "1"]
[WhiteTeam "Kosice 1 CC"]
[BlackTeam "Dunajov Inbest II"]
[WhiteTeamCountry "SVK"]
[BlackTeamCountry "SVK"]

1. e4 g6 2. d4 Bg7 3. Nf3 c5 4. Be3 Qb6 5. Nc3 Nc6 6. Qd2 cxd4 7. Nxd4 Bxd4 8. Bxd4 Qxd4 9. Bd3 Nf6 10. 0-0-0 a6 11. Qe2 Qc5 12. f3 b5 13. Rhe1 0-0 14. e5 Nh5 15. g3 f5 16. f4 Bb7 17. Bxf5 Rxf5 18. Rxd7 Bc8 19. Rd5 Qb6 20. Qd2 Rf8 21. Ne4 Bf5 22. Ng5 Ng7 23. h3 Be6 24. Nxe6 Nxe6 25. Rd7 Ncd4 26. Qb4 Qc6 27. c3 Qxd7 28. cxd4 Rfc8+ 29. Kb1 0-1

[Event "SVK-chT 1617"]
[Site "Slovakia"]
[Date "2016.10.22"]
[Round "1.2"]
[White "Skreno, Vladimir"]
[Black "Vrchovsky, Viliam"]
[Result "1-0"]
[WhiteElo "2216"]
[BlackElo "2016"]
[PlyCount "87"]
[EventDate "2016.10.22"]
[EventType "team-tourn"]
[EventRounds "11"]
[EventCountry "SVK"]
[SourceTitle "CBM 175 Extra"]
[Source "ChessBase"]
[SourceDate "2016.12.12"]
[SourceVersion "1"]
[SourceVersionDate "2016.12.12"]
[SourceQuality "1"]
[WhiteTeam "Humenne Reinter"]
[BlackTeam "Dunajov Inbest"]
[WhiteTeamCountry "SVK"]
[BlackTeamCountry "SVK"]

1. d4 d5 2. Nf3 Nf6 3. c4 e6 4. cxd5 exd5 5. Nc3 Be7 6. Bg5 c6 7. Bxf6 Bxf6 8. e3 0-0 9. Be2 Re8 10. 0-0 Nd7 11. b4 Nf8 12. Qb3 Be6 13. Na4 b6 14. Rac1 Rc8 15. Rc3 Rc7 16. Rfc1 Qd7 17. Nb2 Ng6 18. Qa4 Qe7 19. Qb3 Bd7 20. R3c2 Rd8 21. Na4 Nh4 22. Nxh4 Bxh4 23. Bf3 Bf5 24. Rxc6 Rxc6 25. Rxc6 Qd7 26. b5 Be7 27. Nc3 Be6 28. g3 g5 29. a4 g4 30. Bg2 h5 31. Ne2 h4 32. gxh4 Bxh4 33. Nf4 Qe7 34. Qc2 Rd6 35. Nxe6 Rxe6 36. Qf5 Qf6 37. Rc8+ Kg7 38. Qxg4+ Qg6 39. Qxg6+ Rxg6 40. Kf1 Rf6 41. f4 Rh6 42. Bxd5 Bf6 43. Kg2 Rg6+ 44. Kf3 1-0

[Event "SVK-chT2C 1516"]
[Site "Slovakia"]
[Date "2015.11.08"]
[Round "4.5"]
[White "Uhrincat, Ivan"]
[Black "Vrchovsky, Viliam"]
[Result "0-1"]
[WhiteElo "1979"]
[BlackElo "2002"]
[PlyCount "88"]
[EventDate "2015.10.17"]
[EventType "team-tourn"]
[EventRounds "11"]
[EventCountry "SVK"]
[SourceTitle "CBM 169 Extra"]
[Source "ChessBase"]
[SourceDate "2015.12.18"]
[SourceVersion "1"]
[SourceVersionDate "2015.12.18"]
[SourceQuality "1"]
[WhiteTeam "Banska Bystrica Kurta"]
[BlackTeam "Dunajov Inbest II"]
[WhiteTeamCountry "SVK"]
[BlackTeamCountry "SVK"]

1. d4 d5 2. c4 e6 3. Nc3 Nf6 4. cxd5 exd5 5. Bg5 Be7 6. e3 c6 7. Qc2 Nbd7 8. Bd3 h6 9. Bh4 b6 10. Nf3 Bb7 11. 0-0 0-0 12. Rab1 c5 13. Rfd1 Ne8 14. Bg3 c4 15. Bh7+ Kh8 16. Bf5 Nd6 17. Bh3 a6 18. a4 Bc6 19. Ne5 Nxe5 20. dxe5 Nb7 21. Nxd5 Bxd5 22. e4 Bxe4 23. Qxe4 Nc5 24. Qxc4 Qe8 25. b3 b5 26. axb5 axb5 27. Qc2 Rd8 28. f4 Rxd1+ 29. Rxd1 Qa8 30. Bf5 Qa3 31. Rb1 Rd8 32. Bf2 Qb4 33. Be3 g6 34. Bg4 Rd3 35. Bxc5 Bxc5+ 36. Kh1 Rd2 37. Qc1 Kg7 38. Bf3 Be3 39. Qc6 Qxf4 40. Qxb5 Bd4 41. Re1 Rb2 42. Qe8 Bc3 43. Rf1 Bxe5 44. g3 Rxh2+ 0-1

[Event "SVK-chT2C 1415"]
[Site "Slovakia"]
[Date "2014.10.11"]
[Round "1.6"]
[White "Vrchovsky, Viliam"]
[Black "Adamciak, Tomas"]
[Result "0-1"]
[WhiteElo "1949"]
[BlackElo "1909"]
[PlyCount "80"]
[EventDate "2014.10.11"]
[EventType "team-tourn"]
[EventRounds "11"]
[EventCountry "SVK"]
[SourceTitle "EXT 2016"]
[Source "ChessBase"]
[SourceDate "2015.10.08"]
[SourceVersion "1"]
[SourceVersionDate "2015.10.08"]
[SourceQuality "1"]
[WhiteTeam "Dunajov II"]
[BlackTeam "Liptov Chess School III"]
[WhiteTeamCountry "SVK"]
[BlackTeamCountry "SVK"]

1. e4 c5 2. Nf3 e6 3. d4 cxd4 4. Nxd4 Nc6 5. Nb3 Qc7 6. g3 Nf6 7. Bg2 Be7 8. 0-0 0-0 9. c4 d6 10. Nc3 Rd8 11. Nb5 Qb8 12. Qe2 a6 13. N5d4 Qc7 14. Bd2 e5 15. Nxc6 Qxc6 16. Rac1 Be6 17. Ba5 Rdc8 18. Qe3 Qa4 19. Rfd1 Bxc4 20. Bd2 Qxa2 21. Na5 Bb5 22. Nxb7 Qxb2 23. Bc3 Qa3 24. Qd2 Ba4 25. Bb4 Qb3 26. Nxd6 Rd8 27. Bf1 Bxd6 28. Bxd6 Qe6 29. Bc4 Qd7 30. Bxe5 Qxd2 31. Rxd2 Rxd2 32. Bxf6 gxf6 33. Bd5 Rd8 34. Rc7 Rd7 35. Rc3 Bb5 36. h4 R2xd5 37. exd5 Rxd5 38. g4 Rd4 39. f3 f5 40. gxf5 Rxh4 0-1

[Event "SVK-chT2C 1314"]
[Site "Slovakia"]
[Date "2014.02.01"]
[Round "7.7"]
[White "Vrchovsky, Viliam"]
[Black "Simo, Marian"]
[Result "0-1"]
[WhiteElo "1923"]
[BlackElo "1873"]
[PlyCount "62"]
[EventDate "2013.10.19"]
[EventType "team-tourn"]
[EventRounds "11"]
[EventCountry "SVK"]
[SourceTitle "EXT 2015"]
[Source "ChessBase"]
[SourceDate "2014.11.20"]
[SourceVersion "1"]
[SourceVersionDate "2014.11.20"]
[SourceQuality "1"]
[WhiteTeam "Dunajov II"]
[BlackTeam "Rajecke Teplice"]
[WhiteTeamCountry "SVK"]
[BlackTeamCountry "SVK"]

1. e4 e6 2. d4 d5 3. Nc3 dxe4 4. Nxe4 Nd7 5. Nf3 Ngf6 6. Nxf6+ Nxf6 7. Bd3 c5 8. dxc5 Bxc5 9. 0-0 0-0 10. Bg5 b6 11. Qe2 Bb7 12. Rad1 Qe7 13. Ne5 Rfd8 14. Ng4 Rd5 15. h4 Rd4 16. Bxf6 gxf6 17. Nh6+ Kh8 18. Qh5 f5 19. Nxf7+ Kg7 20. Ng5 h6 21. Nf3 Rg4 22. Bxf5 exf5 23. Qxf5 Bxf3 24. Qxf3 Re4 25. Qf5 Rf8 26. Qd7 Bxf2+ 27. Rxf2 Re1+ 28. Kh2 Rxf2 29. Qg4+ Kh8 30. Qd4+ Qe5+ 31. Qxe5+ Rxe5 0-1

[Event "SVK-chT2C 1314"]
[Site "Slovakia"]
[Date "2013.10.19"]
[Round "1.5"]
[White "Vrchovsky, Viliam"]
[Black "Kral, Pavol"]
[Result "1/2-1/2"]
[WhiteElo "1923"]
[BlackElo "2047"]
[PlyCount "62"]
[EventDate "2013.10.19"]
[EventType "team-tourn"]
[EventRounds "11"]
[EventCountry "SVK"]
[SourceTitle "EXT 2015"]
[Source "ChessBase"]
[SourceDate "2014.11.20"]
[SourceVersion "1"]
[SourceVersionDate "2014.11.20"]
[SourceQuality "1"]
[WhiteTeam "Dunajov II"]
[BlackTeam "Banska Bystrica Veza"]
[WhiteTeamCountry "SVK"]
[BlackTeamCountry "SVK"]

1. e4 c5 2. Nf3 Nc6 3. c4 Nf6 4. Nc3 g6 5. d4 cxd4 6. Nxd4 Bg7 7. Nc2 0-0 8. Be2 b6 9. 0-0 Bb7 10. Bg5 Rc8 11. Ne3 d6 12. Rc1 h6 13. Bh4 g5 14. Bg3 Ne5 15. f3 Nh5 16. f4 gxf4 17. Bxf4 Nxf4 18. Rxf4 e6 19. Qd2 Qg5 20. Rcf1 Ng6 21. Rg4 Qc5 22. Kh1 h5 23. Rg3 Be5 24. Rh3 h4 25. Ng4 Bg7 26. Nh6+ Bxh6 27. Qxh6 Qe5 28. Rd3 Bxe4 29. Re3 d5 30. Bd3 Qg7 31. Qxg7+ Kxg7 1/2-1/2

[Event "SVK-chT2C 1213"]
[Site "Slovakia"]
[Date "2013.03.17"]
[Round "11.5"]
[White "Vrchovsky, Viliam"]
[Black "Puskar, Jan"]
[Result "1/2-1/2"]
[WhiteElo "1917"]
[BlackElo "2011"]
[PlyCount "138"]
[EventDate "2012.10.13"]
[EventType "team-tourn"]
[EventRounds "11"]
[EventCountry "SVK"]
[SourceTitle "EXT 2015"]
[Source "ChessBase"]
[SourceDate "2014.11.20"]
[SourceVersion "1"]
[SourceVersionDate "2014.11.20"]
[SourceQuality "1"]
[WhiteTeam "Dunajov II"]
[BlackTeam "Banska Bystrica Veza"]
[WhiteTeamCountry "SVK"]
[BlackTeamCountry "SVK"]

1. e4 c5 2. Nf3 Nc6 3. d4 cxd4 4. Nxd4 Nf6 5. Nc3 d6 6. Be2 g6 7. Be3 Bg7 8. 0-0 0-0 9. a4 Bd7 10. f3 a6 11. Qd2 Rc8 12. Kh1 Ne5 13. Rad1 Nc4 14. Bxc4 Rxc4 15. b3 Rc8 16. Nce2 e5 17. c4 exd4 18. Nxd4 Ne8 19. Bg5 Bf6 20. Bh6 Bg7 21. Bg5 f6 22. Bf4 Qe7 23. Nc2 Bc6 24. Nb4 Qe6 25. Bxd6 Nxd6 26. Qxd6 Qxd6 27. Rxd6 Rfd8 28. Nxc6 bxc6 29. Rfd1 Rxd6 30. Rxd6 a5 31. Kg1 f5 32. exf5 gxf5 33. Rd3 Rc7 34. Kf2 Kf7 35. f4 Ke7 36. Kf3 Rd7 37. Re3+ Kd6 38. g4 Kc5 39. gxf5 Kb4 40. Re6 Kxb3 41. f6 Bf8 42. Rxc6 Kxa4 43. Ke4 Kb4 44. Rc8 Bc5 45. Ke5 a4 46. Ke6 Rd6+ 47. Ke5 a3 48. f7 Rd7 49. Ke6 Ra7 50. Rxc5 Rxf7 51. Rb5+ Kxc4 52. Ra5 Kb4 53. Rxa3 Rxf4 54. Rh3 Kc4 55. Rxh7 Kd4 56. h4 Rf1 57. h5 Ke4 58. Re7 Rh1 59. Kf6+ Kf4 60. Kg6 Rg1+ 61. Kh6 Kf5 62. Kh7 Kf6 63. Rb7 Rh1 64. h6 Rh2 65. Rb1 Rf2 66. Kg8 Rg2+ 67. Kf8 Kg6 68. Rb6+ Kh7 69. Rb7+ Kxh6 1/2-1/2